Resident Evil Remake Quiz - Statistics

General Stats
  • This quiz has been taken 223 times
  • The average score is 18 of 75
Answer Stats
Hint Answer % Correct
What Year Does This Game Take Place In? 1998
95%
The Second Playable Character Jill Valentine
87%
The First Playable Character Chris Redfield
86%
The Character Who Heals #2 During The Game Rebecca Chambers
58%
Which Character Betrays Everyone? Albert Wesker
57%
The Member Of STARS Who Helps #3 Throughout Her Playthrough Barry Burton
57%
Do You Start With A First Aid Spray? No
57%
Can You Combine Blue And Red Herbs? No
57%
Are There Some Creepy As Hell Files To Read In This Game? Yes
49%
Was #2 Part Of The Air Force? Yes
49%
Are Hunters Common In The Caves? Yes
49%
Which Weapon Does #4 Possess Before He Dies? Shotgun
47%
What Is The Name Of The Snake That Resides In The Mansion? Yawn
47%
Which Member Of STARS Is Killed By The Cerberi? Joseph
44%
The Weapon That #3 Starts Out With? Handgun
42%
The Creature That Nearly Kills The Above Hunter
42%
What Is The Name Of The Fast Zombies? Crimson Heads
41%
Which STARS Member Fails To Kill One Zombie? Kenneth
39%
The Weapon That #3 Uses Throughout The Game (#2 cannot obtain it) Grenade Launcher
38%
The First Key That You Find (From Book Of Curse) Sword Key
38%
The Monster Who Cannot Be Killed By Conventional Means Lisa Trevor
34%
The Third Key That You Need To Find To Fight #13 Shield Key
34%
The Last Key Which You Find By Defeating Plant 42 Helmet Key
33%
The Guy Who Abandons Members Of STARS (Someone Says Where The Hells He Going?) Brad Vickers
30%
The Condition Which Is Associated With The Next Hit Causing Your Death Danger
30%
What Do You Need To Find In Order To Retrieve The Shotgun Without Dying? Broken Shotgun
28%
The Good Condition Fine
28%
The Second Key That You Find After Stopping A Trap? Armour Key
27%
Which Boss Is Deemed The Easiest? Hint Arachnid Black Tiger
27%
Which Herbs Cure A Character Who Is Poisoned? Blue Herbs
23%
Which Item Does #3 Receive In The Early Parts Of The Game? Lockpick
21%
The Room #12 Says He Will Investigate Again Dining Room
20%
The Father Of The Above George Trevor
20%
Which Character Is Found Dead In The Intro Kevin
20%
The Name Of The Weapon You Can Gain After Finishing Within 5 Hours Samurai Edge
20%
Which Shotgun Do You Receive If You Save Richard Aiken? Assault Shotgun
18%
Which Area Of The Game Features Chimeras? Laboratory
18%
Which Area Of The Game Houses Plant 42? Residence
18%
The Bio Weapon That Is Applied To Sharks Neptune
16%
What Area Do You Explore Which Has Sharks In It? Aqua Ring
15%
Which STARS Member Is Assassinated? Enrico Marini
14%
The Standard Ammo For The Above Grenades
14%
The Condition Where You Are Getting Bitten Or Damaged Like Hell Orange Caution
14%
#2 Is A Legend But What Does He Fail At Playing? The Piano
14%
Which Member Of STARS Is Found Dead Next To #26? Forest Speyer
13%
The Condition Where You Are Starting To Die Yellow Caution
13%
Another Defence Weapon Flash Grenade
12%
The Weapon That #2 Starts Out With Survival Knife
12%
The Above's Signature Weapon? .44 Magnum
11%
What Area Is The One Where Boulders Try To Crush You? Caves
11%
The Weapon You Can Gain After Finishing The Game Within 3 Hours Infinite Rocket Launcher
10%
Another Defence Weapon Stun Gun
10%
The Game Mode Where The Item Boxes Are No Longer Linked Real Survival
9%
One Of The Most Effective Defence Weapons Daggers
8%
What Is The Alternative To The Above? Headshots
8%
The Weapon Which Is Awesome For Killing Zombies In One Shot Magnum Revolver
8%
Which File Is Really Disturbing And Offers Insight Into How The T Virus Affects People Hint (It Involves A Guy Not Feeding Dogs And Is Next To A Closet) Keeper's Diary
7%
What Items Does #2 Need To Collect? Old Keys
7%
The Weapon Which An Unfortunate Individual Leaves Behind (Hint Item Next To Suicide Note) Self Defence Gun
7%
The Name Of The Main Area Of The Game The Mansion
6%
Ammo Which Is Effective Against #9 Acid Shells
5%
The Key That You Obtain After Killing The Giant Shark Gallery Key
5%
What Does Richard Aiken Give You As Well? A Radio
4%
What Is Reported In The News? Bizarre Murders
4%
The Item Which You Find To Rotate Things? Hexagonal Crank
4%
The Item Which The Man With The Sunglasses Drops Master Key
4%
What Do You Have To Use For The Above To Work? Battery Packs
3%
The Method Which Saves You Ammo Against A Giant Shark Electricity
3%
How Do You Stop The Above From Ever Existing? Burn Bodies
2%
What Happens If You Do Not Do This Or Have The Above? Crushed To Death
2%
The Ammo That Can Burn Bodies etc. Incendiary Shells
2%
The Topic Which Is Associated With Normal Mode Mountain Climbing
2%
The Final Boss T002 Tyrant
2%
The Best Herb Combination Green Red And Blue Herb
1%
Which Game Mode Involves The Above Having Grenades Strapped To His Body Once Again
1%
No matching quizzes found
Score Distribution
Percent of People with Each Score
Percentile by Number Answered
Your Score History
You have not taken this quiz